000 00570nam a2200181 4500
003 SEACOMMC
005 20250430153953.0
008 250121b |||||||| |||| 00| 0 eng d
020 _a 1-873-1508-22
_cRs.395.00
040 _aSEACOMMC
082 _a658.02471
_bH 174
100 _a Hall, Colin Michael
245 1 _aTourism, Mobility, and Second Homes : between elite landscape and common ground
_c edited by C. Michael Hall and Dieter K. Müller.
260 _a Kolkata
_b Viva-Books
_c 2006
440 _aAspects of Tourism,15
650 _a Tourism
942 _cBOOK
999 _c1020
_d1020